Wards of Kitakyushu Japan Map Quiz - Statistics

General Stats
  • This quiz has been taken 29 times
  • The average score is 6 of 7
Answers on the Map
Answers color-coded by a green-red scale on the quiz's map according to % correct below.
 
Answer Stats
Answer % Correct
Kokura-Kita
89%
Moji
89%
Kokura-Minami
84%
Yahata-Higashi
84%
Yahata-Nishi
84%
Wakamatsu
79%
Tobata
68%
No matching quizzes found
Score Distribution
Percent of People with Each Score
Percentile by Number Answered
Your Score History
You have not taken this quiz